|
|
|
|
| LEADER |
00000nam0a2200000 4500 |
| 001 |
42178 |
| 005 |
20231101210731.0 |
| 010 |
|
|
|a 5732505628
|
| 035 |
|
|
|a (RuTPU)RU\TPU\book\43427
|
| 090 |
|
|
|a 42178
|
| 100 |
|
|
|a 20020826d2001 m y0rusy50 ca
|
| 101 |
0 |
|
|a rus
|
| 102 |
|
|
|a RU
|
| 105 |
|
|
|a a j 001zy
|
| 200 |
1 |
|
|a Устройство промышленных роботов
|e учебник для техникумов
|f И. Б. Челпанов
|
| 205 |
|
|
|a 2-е изд., перераб. и доп.
|
| 210 |
|
|
|a Санкт-Петербург
|c Политехника
|d 2001
|
| 215 |
|
|
|a 203 с.
|c ил.
|
| 225 |
1 |
|
|a Учебник для техникумов и колледжей
|
| 320 |
|
|
|a Библиогр.: с. 202.
|
| 606 |
1 |
|
|a Роботы промышленные
|x Детали и узлы
|2 stltpush
|3 (RuTPU)RU\TPU\subj\25296
|9 49493
|
| 610 |
1 |
|
|a робототехника
|
| 610 |
1 |
|
|a устройство
|
| 610 |
1 |
|
|a классификация
|
| 610 |
1 |
|
|a применение
|
| 610 |
1 |
|
|a учебники
|
| 675 |
|
|
|a 621.865.8-2(075.32)
|v 3
|
| 700 |
|
1 |
|a Челпанов
|b И. Б.
|g Игорь Борисович
|
| 801 |
|
1 |
|a RU
|b 63413507
|c 20020826
|g PSBO
|
| 801 |
|
2 |
|a RU
|b 63413507
|c 20230208
|g PSBO
|
| 942 |
|
|
|c BK
|